<?xml version="1.0" encoding="UTF-8"?>
<record
    xmlns:xsi="http://www.w3.org/2001/XMLSchema-instance"
    xsi:schemaLocation="http://www.loc.gov/MARC21/slim http://www.loc.gov/standards/marcxml/schema/MARC21slim.xsd"
    xmlns="http://www.loc.gov/MARC21/slim">

  <leader>00820nam a22002297a 4500</leader>
  <controlfield tag="003">dpl</controlfield>
  <controlfield tag="005">20231219161719.0</controlfield>
  <controlfield tag="008">231208b        |||||||| |||| 00| 0 eng d</controlfield>
  <datafield tag="010" ind1=" " ind2=" ">
    <subfield code="a">B-756715-717                      ENG 18.10.23</subfield>
  </datafield>
  <datafield tag="020" ind1=" " ind2=" ">
    <subfield code="a">9789390652457</subfield>
    <subfield code="c">999.00</subfield>
  </datafield>
  <datafield tag="035" ind1=" " ind2=" ">
    <subfield code="a">B-756715-717    </subfield>
  </datafield>
  <datafield tag="037" ind1=" " ind2=" ">
    <subfield code="b">Pancy</subfield>
  </datafield>
  <datafield tag="040" ind1=" " ind2=" ">
    <subfield code="c">0</subfield>
  </datafield>
  <datafield tag="082" ind1=" " ind2=" ">
    <subfield code="a">323.3054</subfield>
  </datafield>
  <datafield tag="100" ind1=" " ind2=" ">
    <subfield code="4">Chowdhury, Neerja</subfield>
  </datafield>
  <datafield tag="245" ind1=" " ind2=" ">
    <subfield code="a">How Prime Ministers Decide/</subfield>
    <subfield code="c">Neerja Chowdhury</subfield>
  </datafield>
  <datafield tag="260" ind1=" " ind2=" ">
    <subfield code="a">New Delhi</subfield>
    <subfield code="b">Aleph Book Company</subfield>
    <subfield code="c">2023</subfield>
  </datafield>
  <datafield tag="270" ind1=" " ind2=" ">
    <subfield code="a">7/16, Ansari Road, Daryaganj,</subfield>
    <subfield code="b">New Delhi</subfield>
    <subfield code="c">110002</subfield>
  </datafield>
  <datafield tag="300" ind1=" " ind2=" ">
    <subfield code="a">578p.</subfield>
    <subfield code="c">24cm(Hb)</subfield>
  </datafield>
  <datafield tag="942" ind1=" " ind2=" ">
    <subfield code="2">ddc</subfield>
    <subfield code="c">EN</subfield>
    <subfield code="m">CHO</subfield>
    <subfield code="h">323.3054</subfield>
  </datafield>
  <datafield tag="999" ind1=" " ind2=" ">
    <subfield code="c">199552</subfield>
    <subfield code="d">199552</subfield>
  </datafield>
  <datafield tag="952" ind1=" " ind2=" ">
    <subfield code="0">0</subfield>
    <subfield code="1">0</subfield>
    <subfield code="2">ddc</subfield>
    <subfield code="4">0</subfield>
    <subfield code="7">0</subfield>
    <subfield code="8">NFIC</subfield>
    <subfield code="a">L</subfield>
    <subfield code="b">L</subfield>
    <subfield code="d">2023-12-19</subfield>
    <subfield code="e">Pansy Books/187/5.12.23/44/23.11.23/6.12.23</subfield>
    <subfield code="g">999.00</subfield>
    <subfield code="l">9</subfield>
    <subfield code="m">12</subfield>
    <subfield code="o">CHO 323.3054</subfield>
    <subfield code="p">B-756715</subfield>
    <subfield code="q">2026-07-14</subfield>
    <subfield code="r">2026-06-02 16:06:48</subfield>
    <subfield code="s">2026-06-02</subfield>
    <subfield code="t">1</subfield>
    <subfield code="v">999.00</subfield>
    <subfield code="w">2023-12-19</subfield>
    <subfield code="y">EN</subfield>
  </datafield>
  <datafield tag="952" ind1=" " ind2=" ">
    <subfield code="0">0</subfield>
    <subfield code="1">0</subfield>
    <subfield code="2">ddc</subfield>
    <subfield code="4">0</subfield>
    <subfield code="7">0</subfield>
    <subfield code="8">NFIC</subfield>
    <subfield code="a">BL1</subfield>
    <subfield code="b">BL1</subfield>
    <subfield code="d">2023-12-19</subfield>
    <subfield code="e">Pansy Books/187/5.12.23/44/23.11.23/6.12.23</subfield>
    <subfield code="g">999.00</subfield>
    <subfield code="l">3</subfield>
    <subfield code="m">4</subfield>
    <subfield code="o">CHO 323.3054</subfield>
    <subfield code="p">B-756716</subfield>
    <subfield code="r">2024-05-24 00:00:00</subfield>
    <subfield code="s">2024-04-19</subfield>
    <subfield code="t">1</subfield>
    <subfield code="v">999.00</subfield>
    <subfield code="w">2023-12-19</subfield>
    <subfield code="y">EN</subfield>
  </datafield>
  <datafield tag="952" ind1=" " ind2=" ">
    <subfield code="0">0</subfield>
    <subfield code="1">0</subfield>
    <subfield code="2">ddc</subfield>
    <subfield code="4">0</subfield>
    <subfield code="7">0</subfield>
    <subfield code="8">NFIC</subfield>
    <subfield code="a">BL4</subfield>
    <subfield code="b">BL4</subfield>
    <subfield code="d">2023-12-19</subfield>
    <subfield code="e">Pansy Books/187/5.12.23/44/23.11.23/6.12.23</subfield>
    <subfield code="g">999.00</subfield>
    <subfield code="l">2</subfield>
    <subfield code="m">3</subfield>
    <subfield code="o">CHO 323.3054</subfield>
    <subfield code="p">B-756717</subfield>
    <subfield code="r">2024-07-23 00:00:00</subfield>
    <subfield code="s">2024-06-10</subfield>
    <subfield code="t">1</subfield>
    <subfield code="v">999.00</subfield>
    <subfield code="w">2023-12-19</subfield>
    <subfield code="y">EN</subfield>
  </datafield>
</record>
